Psychology : (Record no. 3869)
[ view plain ]
| 000 -LEADER | |
|---|---|
| fixed length control field | 00690cam a2200217 a 4500 |
| 001 - CONTROL NUMBER | |
| control field | 11956206 |
| 005 - DATE AND TIME OF LATEST TRANSACTION | |
| control field | 20250214155402.0 |
| 008 - FIXED-LENGTH DATA ELEMENTS--GENERAL INFORMATION | |
| fixed length control field | 000328s2001 iaua b 001 0 eng |
| 020 ## - INTERNATIONAL STANDARD BOOK NUMBER | |
| International Standard Book Number | 0697362442 (hardcover : recycled, acidfree paper) |
| 020 ## - INTERNATIONAL STANDARD BOOK NUMBER | |
| International Standard Book Number | 0072358297 (pbk. : recycled, acidfree paper) |
| 020 ## - INTERNATIONAL STANDARD BOOK NUMBER | |
| International Standard Book Number | 9780072358292 |
| 050 00 - LIBRARY OF CONGRESS CALL NUMBER | |
| Classification number | BF121 |
| Item number | .L214 2001 |
| 082 00 - DEWEY DECIMAL CLASSIFICATION NUMBER | |
| Classification number | 150 |
| Edition information | 21 |
| 100 1# - MAIN ENTRY--PERSONAL NAME | |
| Personal name | Lahey, Benjamin B. |
| 245 10 - TITLE STATEMENT | |
| Title | Psychology : |
| Remainder of title | an introduction / |
| Statement of responsibility, etc. | Benjamin B. Lahey. |
| 250 ## - EDITION STATEMENT | |
| Edition statement | 7th ed. |
| 260 ## - PUBLICATION, DISTRIBUTION, ETC. | |
| Place of publication, distribution, etc. | Boston : |
| Name of publisher, distributor, etc. | McGraw Hill, |
| Date of publication, distribution, etc. | c2001. |
| 300 ## - PHYSICAL DESCRIPTION | |
| Extent | 1 v. (various pagings) : |
| Other physical details | ill. (some col.) ; |
| Dimensions | 28 cm. |
| 650 #0 - SUBJECT ADDED ENTRY--TOPICAL TERM | |
| Topical term or geographic name entry element | Psychology |
| Form subdivision | Textbooks. |
| 942 ## - ADDED ENTRY ELEMENTS (KOHA) | |
| Source of classification or shelving scheme | Library of Congress Classification |
| Koha item type | Books |
| Edition | 7th Ed. |
| Suppress in OPAC | No |
| 999 ## - | |
| -- | 3869 |
| -- | 3869 |
| Withdrawn status | Lost status | Source of classification or shelving scheme | Damaged status | Not for loan | Collection | Home library | Current library | Shelving location | Date acquired | Total checkouts | Full call number | Barcode | Date last seen | Copy number | Price effective from | Koha item type |
|---|---|---|---|---|---|---|---|---|---|---|---|---|---|---|---|---|
| Library of Congress Classification | Non-fiction | Business Library (Miotso) | Business Library (Miotso) | General stacks | 02/14/2025 | BF121 .L214 2001 | BSSM00000792 | 02/14/2025 | 1 | 02/14/2025 | Books | |||||
| Library of Congress Classification | Non-fiction | Business Library (Miotso) | Business Library (Miotso) | General stacks | 02/14/2025 | BF121 .L214 2001 | BSSM00000802 | 02/14/2025 | 2 | 02/14/2025 | Books | |||||
| Library of Congress Classification | Non-fiction | Undergraduate Library (Christ Temple) | Undergraduate Library (Christ Temple) | General stacks | 08/25/2025 | BF 121.L214 LAH | ulct00004479 | 08/25/2025 | 1 | 08/25/2025 | Books |